000 02173nam a22003737a 4500
008 250523b |||||||| |||| 00| 0 eng d
020 _a9781399818223
040 _ctbs
041 _achi
_aeng
100 _aScurfield, Elizabeth
_925325
_eauthor
245 _aBeginner's Mandarin Chinese
_c/ Elizabeth Scurfield and Song Lianyi.
246 _aTeach yourself beginner's Mandarin Chinese
246 _aMandarin Chinese
260 _aLondon :
_bTeach Yourself,
_c2024.
300 _axxxix, 199 pages :
_billustations ;
_c20 cm.
490 _aTeach yourself
505 _aMapped to A1-B1 on the Common European Framework of Reference — Everyday phrases and expressions — A bilingual word list — Practice activities — Listening exercises with online audio.
520 _aBeginners' Mandarin Chinese is for absolute beginners and those who've had some previous experience with the language and want to refresh their knowledge. Clear and simple explanations make the course appropriate and accessible to anyone learning Mandarin Chinese. There are extensive illustrations and tools to help you plan your studies and track your progress, all designed to support learning on your own. This course is also ideal to use with one-to-one tutoring and as a classroom course, and it's the perfect resource to pair with a language-learning app.
546 _aText in English and Mandarin Chinese
650 0 _aChinese language
_xTextbooks for foreign speakers
_xEnglish
_913566
650 0 _aChinese language
_xConversation and phrase books
_xEnglish
_913574
650 0 _aChinese language
_xSelf-instruction
_913568
650 0 _aChinese language
_xStudy and teaching
_xForeign speakers
_925326
650 0 _aChinese language
_xGrammar
_925327
650 0 _aMandarin dialects
_xSelf-instruction
_913569
650 0 _aMandarin dialects
_xStudy and teaching
_925328
655 0 _aPhrase books
_925062
655 0 _aProgrammed instructional materials
_925329
655 0 _aInstructional and educational works
_923270
655 0 _aInformational works
_923310
655 0 _aSelf-instructional works
_925331
700 _aSong, Lianyi
_925330
_eauthor
942 _2lcc
999 _c4699
_d4699